Eastern Utah Libraries Catalog: Duchesne, Heber, Roosevelt, & Vernal

USA / (Record no. 310972)

MARC details
000 -LEADER
fixed length control field 01615cam a2200445Mi 4500
001 - CONTROL NUMBER
control field on1035648621
003 - CONTROL NUMBER IDENTIFIER
control field OCoLC
005 - DATE AND TIME OF LATEST TRANSACTION
control field 20200320212458.0
008 - FIXED-LENGTH DATA ELEMENTS--GENERAL INFORMATION
fixed length control field 990416s2018 vraab e bkq 001 0 eng d
020 ## - INTERNATIONAL STANDARD BOOK NUMBER
International Standard Book Number 1786574489
Qualifying information (pbk.)
020 ## - INTERNATIONAL STANDARD BOOK NUMBER
International Standard Book Number 9781786574480
Qualifying information (pbk.)
020 ## - INTERNATIONAL STANDARD BOOK NUMBER
Terms of availability 29.99
035 ## - SYSTEM CONTROL NUMBER
System control number (OCoLC)1035648621
040 ## - CATALOGING SOURCE
Original cataloging agency CNEDM
Language of cataloging eng
Description conventions rda
Transcribing agency CNEDM
Modifying agency OCLCO
-- OCLCF
-- WACOL
049 ## - LOCAL HOLDINGS (OCLC)
Holding library WACL
082 04 - DEWEY DECIMAL CLASSIFICATION NUMBER
Classification number 917.304
Edition number 23
092 ## - LOCALLY ASSIGNED DEWEY CALL NUMBER (OCLC)
Classification number 917.30493 WAL 2018
092 ## - LOCALLY ASSIGNED DEWEY CALL NUMBER (OCLC)
Classification number 917.304
Item number Wal
100 1# - MAIN ENTRY--PERSONAL NAME
Personal name Walker, Benedict.
9 (RLIN) 5975623
245 10 - TITLE STATEMENT
Title USA /
Statement of responsibility, etc Benedict Walker, Kate Armstrong, Brett Atkinson [and 42 others].
246 3# - VARYING FORM OF TITLE
Title proper/short title Lonely Planet USA
250 ## - EDITION STATEMENT
Edition statement 10th edition.
264 #1 - Production, Publication, Distribution, Manufacture, and Copyright Notice.
Place of production, publication, distribution, manufacture Carlton, Victoria :
Name of producer, publisher, distributor, manufacturer Lonely Planet Global,
Date of production, publication, distribution, manufacture, or copyr 2018.
300 ## - PHYSICAL DESCRIPTION
Extent 1,218 pages :
Other physical details colour illustrations, colour maps
336 ## - Content Type
Content type term text
337 ## - Media type
Media type term unmediated
338 ## - Carrier type
Carrier type term volume
500 ## - GENERAL NOTE
General note At head of title: Lonely Planet.
504 ## - BIBLIOGRAPHY, ETC. NOTE
Bibliography, etc Includes bibliographical references, discography, filmography, Internet addresses and index.
651 #0 - SUBJECT ADDED ENTRY--GEOGRAPHIC NAME
Geographic name United States
Form subdivision Guidebooks.
9 (RLIN) 5678403
651 #7 - SUBJECT ADDED ENTRY--GEOGRAPHIC NAME
Geographic name United States.
Source of heading or term fast
-- (OCoLC)fst01204155
9 (RLIN) 5975624
655 #7 - INDEX TERM--GENRE/FORM
Genre/form data or focus term Guidebooks.
Source of term fast
-- (OCoLC)fst01423871
9 (RLIN) 5689508
700 1# - ADDED ENTRY--PERSONAL NAME
Personal name Atkinson, Kate
Titles and other words associated with a name (Travel writer)
9 (RLIN) 5975625
700 1# - ADDED ENTRY--PERSONAL NAME
Personal name Atkinson, Brett.
9 (RLIN) 5975626
710 2# - ADDED ENTRY--CORPORATE NAME
Corporate name or jurisdiction name as entry element Lonely Planet Publications (Firm)
9 (RLIN) 43589
942 ## - ADDED ENTRY ELEMENTS (KOHA)
Koha item type BOOK
948 ## - LOCAL PROCESSING INFORMATION (OCLC); SERIES PART DESIGNATOR (RLIN)
Series part designator, SPT (RLIN) 08/06/2018
z (OCLC) Sirsi
994 ## -
-- C0
-- WACOL
996 ## -
-- 151696
-- 34301001556945
-- NF
-- bk
-- wcl
-- i
-- 2
-- 29.99
-- sebco
-- 917.304 Wal
-- 08/10/2018
-- 01/17/2020
-- 12/20/2019
Holdings
Withdrawn status Lost status Source of classification or shelving scheme Damaged status Not for loan Collection code Home library Current library Shelving location Date acquired Source of acquisition Cost, normal purchase price Total Checkouts Total Renewals Full call number Barcode Date last seen Date checked out Cost, replacement price Price effective from Koha item type
    Dewey Decimal Classification     General NonFiction Wasatch County Library Wasatch County Library Second Floor 08/10/2018 SEBCO 29.99 7 3 917.304 Wal 34301001556945 02/18/2025 12/21/2024 29.99 03/20/2020 BOOK
This project was made possible through a grant from the Institute of Museum and Library Service administered by the Utah State Library Division.

Wasatch County Library

  • 465 East 1200 South, Heber City, Utah 84032
  • Phone 435-654-1511 | Fax 435-654-6456

Hours

  • Monday - Friday 9:30 AM - 8:00 PM
  • Saturday 9:30 AM - 1:30 PM
  • Closed Sundays and Holidays